| 000 | 02983nam a22003017a 4500 | ||
|---|---|---|---|
| 999 |
_c58668 _d58668 |
||
| 003 | Ge_BSU | ||
| 005 | 20220624114831.0 | ||
| 008 | 220624s2020 ge ||||| |||| 00| 0 geo d | ||
| 020 | _a9789941479540 | ||
| 041 | _ageo | ||
| 080 | _a008+1(430)(092) ბ-48 | ||
| 100 |
_aბენიამინი, ვალტერ _912209 |
||
| 245 |
_aთეოლოგიურ-პოლიტიკური ფრაგმენტი = Theological-Political Fragment / ვალტერ ბენიამინი. განაზრებანი ვალტერ ბენიამინის პოლიტიკურ თეოლოგიაზე = Reflections on Walter Benjamin's Political Theologhy / _cთენგიზ ირემაძე. ფილოსოფოსის პასუხისმგებლობა თანამედროვე სამყაროში = The Responsibility of the Philosopher in Today's World / გაბრიელ მარსელი ; რედაქტორ-გამომცემლები: თენგიზ ირემაძე, ჰელმუტ შნაიდერი ; ყდის დიზაინი და დაკაბადონება გიორგი ბაგრატიონი ; ახალი საქართველოს უნივერსიტეტი, კავკასიური ფილოსოფიისა და თეოლოგიის სამეცნიერო-კვლევითი არქივი. |
||
| 250 | _aპირველი გამოცემა | ||
| 264 |
_aთბილისი : _bნეკერი, _c2020. |
||
| 300 |
_a68 გვ. ; _b14,5 სმ. |
||
| 490 |
_aაღმოსავლეთი და დასავლეთი - კულტურათა დიალოგი = East and West - Dialogue between the Cultures, 2298-0407 _vტომი 11 |
||
| 501 | _a სახელთა საძიებელი: გვ. 64. | ||
| 504 | _aბიბლიოგრაფია: გვ. 62-63. | ||
| 653 | _aთეოლოგია | ||
| 653 | _aფილოსოფია | ||
| 700 |
_aირემაძე, თენგიზ _eავტორი, სამეცნიერო რედაქტორი _92229 |
||
| 700 |
_aმარსელი, გაბრიელ, _e ავტორი _914224 |
||
| 700 |
_aშნაიდერი, ჰელმუტ _eსამეცნიერო რედაქტორი _914225 |
||
| 700 |
_aბაგრატიონი, გიორგი _eყდის დიზაინერი _914226 |
||
| 710 |
_aახალი საქართველოს უნივერსიტეტი. _bკავკასიური ფილოსოფიისა და თეოლოგიის სამეცნიერო-კვლევითი არქივი.აღმოსავლეთ _914227 |
||
| 942 |
_2udc _cBK |
||